000 00409nmm a2200145Ia 4500
008 251105s9999||||xx |||||||||||||||||und||
041 _aspa
100 _aAlvira Palacios, Mikel
245 0 _aLa novela de Rebeca
264 _a[Madrid, España] :
_bEdiciones B,
_c2015
300 _a191 páginas
650 _aThriller & Suspense
856 _uhttps://public.digitaliapublishing.com/a/54209
942 _cCF
999 _c105493
_d105493